书目信息 |
| 题名: |
全国造价工程师执业资格考试模拟试题集
|
|
| 作者: | 刘长滨 主编 | |
| 分册: | ||
| 出版信息: | 北京 中国建筑工业出版社 2003.05 |
|
| 页数: | 575页 | |
| 开本: | 26cm | |
| 丛书名: | 2003执业资格考试丛书 | |
| 单 册: | ||
| 中图分类: | TU723.3-44 | |
| 科图分类: | ||
| 主题词: | 建筑造价管理--jian zhu zao jia guan li--工程技术人员--资格考试--习题 | |
| 电子资源: | ||
| ISBN: | 7-112-05810-4 | |
| 000 | 00978nam 2200277 450 | |
| 001 | CAL 012003155347 | |
| 005 | 20050316080752.5 | |
| 010 | @a7-112-05810-4@d57.00CNY | |
| 010 | @a7-112-06436-8@dCNY57.00 | |
| 099 | @aCAL 012003155347 | |
| 100 | @a20031020d2003 em y0chiy0121 ea | |
| 101 | 0 | @achi |
| 102 | @aCN@b110000@b110000 | |
| 105 | @ak z 000yy | |
| 200 | 1 | @a全国造价工程师执业资格考试模拟试题集@Aquan guo zao jia gong cheng shi zhi ye zi ge kao shi mo ni shi ti ji@f刘长滨主编 |
| 205 | @a第2版 | |
| 210 | @a北京@c中国建筑工业出版社@a北京@c中国建筑工业出版社@d2003.05 | |
| 215 | @a575页@d26cm | |
| 225 | 2 | @a2003执业资格考试丛书@A2003 zhi ye zi ge kao shi cong shu |
| 410 | 0 | @12001 @a2003执业资格考试丛书 |
| 606 | 0 | @a建筑造价管理@Ajian zhu zao jia guan li@x工程技术人员@x资格考试@j习题 |
| 690 | @aTU723.3-44@v4 | |
| 701 | 0 | @a刘长滨@Aliu chang bin@4主编 |
| 801 | 0 | @aCN@bSCT@c20031020 |
| 905 | @a10447@dTU723.3-44@eL5902 | |
| 906 | @dCNY57.00@n0@r1 | |
| 全国造价工程师执业资格考试模拟试题集/刘长滨主编.-第2版.-北京:中国建筑工业出版社;北京:中国建筑工业出版社,2003.05 |
| 575页;26cm.-(2003执业资格考试丛书) |
| ISBN 7-112-05810-4:57.00CNY |
| ● |
| 相关链接 |
|
|
|
正题名:全国造价工程师执业资格考试模拟试题集
索取号:TU723.3-44/L5902
 
预约/预借
| 序号 | 登录号 | 条形码 | 馆藏地/架位号 | 状态 | 备注 |
| 1 | 527742 | 205277421 | 建筑库201/201建筑库 105排6列4层/ [索取号:TU723.3-44/L5902] | 在馆 | |
| 2 | 527743 | 205277430 | 建筑库201/201建筑库 105排6列4层/ [索取号:TU723.3-44/L5902] | 在馆 | |
| 3 | 527744 | 205277449 | 建筑库201/201建筑库 105排6列4层/ [索取号:TU723.3-44/L5902] | 在馆 | |
| 4 | 551256 | 205512569 | 建筑库201/201建筑库 105排6列4层/ [索取号:TU723.3-44/L5902] | 在馆 | |
| 5 | 551257 | 205512578 | 建筑库201/201建筑库 105排6列4层/ [索取号:TU723.3-44/L5902] | 在馆 | |
| 6 | 551258 | 205512587 | 建筑库201/201建筑库 105排6列4层/ [索取号:TU723.3-44/L5902] | 在馆 |